[Event "Brasiliense-ch"]
[Site "Brazil"]
[Date "1990.11.??"]
[Round "9"]
[White "Lima, Felipe da Silva"]
[Black "Leal, Ruy Fernando"]
[Result "0-1"]
[WhiteElo "2143"]
[BlackElo "2046"]
[PlyCount "82"]
[EventDate "1990.10.??"]
[EventType "swiss"]
[EventRounds "9"]
[EventCountry "BRA"]
[SourceTitle "EXT 2003"]
[Source "ChessBase"]
[SourceDate "2002.11.25"]
[SourceVersion "1"]
[SourceVersionDate "2002.11.25"]
[SourceQuality "1"]

1. c4 Nf6 2. Nc3 c5 3. g3 Nc6 4. Bg2 g6 5. d3 Bg7 6. f4 d6 7. Nf3 0-0 8. 0-0 Re8 9. e4 e6 10. Be3 Ng4 11. Bd2 f5 12. h3 Nh6 13. a3 Rb8 14. Rb1 Bd7 15. Ne2 Nf7 16. Bc3 e5 17. exf5 Bxf5 18. g4 Bd7 19. Nd2 Nd4 20. Bxd4 exd4 21. Ne4 Bc6 22. b4 b6 23. N2g3 d5 24. cxd5 Bxd5 25. bxc5 bxc5 26. Nxc5 Bxg2 27. Kxg2 Qd5+ 28. Nce4 Qa2+ 29. Kg1 Qxa3 30. Ra1 Qe7 31. Qa4 Rb7 32. f5 Be5 33. f6 Qd8 34. Nc5 Rb2 35. Rae1 Qa8 36. Nge4 Bh2+ 37. Kh1 Bd6 38. Qxd4 Rh2+ 39. Kg1 Rxh3 40. Rb1 Bxc5 41. Qxc5 Rxd3 0-1

[Event "Brasiliense-ch"]
[Site "Brazil"]
[Date "1990.10.??"]
[Round "2"]
[White "Leal, Ruy Fernando"]
[Black "Alessandro, Carlos"]
[Result "0-1"]
[WhiteElo "2046"]
[BlackElo "2160"]
[PlyCount "120"]
[EventDate "1990.10.??"]
[EventType "swiss"]
[EventRounds "9"]
[EventCountry "BRA"]
[SourceTitle "EXT 2003"]
[Source "ChessBase"]
[SourceDate "2002.11.25"]
[SourceVersion "1"]
[SourceVersionDate "2002.11.25"]
[SourceQuality "1"]

1. d4 Nf6 2. c4 e6 3. Nc3 Bb4 4. Nf3 b6 5. Bg5 h6 6. Bh4 Bb7 7. e3 g5 8. Bg3 Ne4 9. Rc1 Bxc3+ 10. bxc3 Nxg3 11. fxg3 d6 12. Rc2 Nd7 13. Rf2 g4 14. Nd2 Qg5 15. Qe2 f5 16. e4 fxe4 17. Rf4 Nf6 18. d5 exd5 19. cxd5 0-0-0 20. c4 Qe5 21. Qd1 Qc3 22. Qb3 Qc1+ 23. Qd1 Qc3 24. Qb3 Qd4 25. Qc2 Rhf8 26. Be2 Qa1+ 27. Bd1 Nxd5 28. cxd5 Bxd5 29. 0-0 Qd4+ 30. Kh1 Rxf4 31. Rxf4 h5 32. Nxe4 Bxe4 33. Rxe4 Rf8 34. Re1 Rf2 35. Qb3 Qe4 36. Rg1 d5 37. Qa4 d4 38. Qc4 Kb7 39. Bb3 c6 40. Qe6 Qxe6 41. Bxe6 d3 42. Bb3 b5 43. Rd1 c5 44. Kg1 Rf5 45. Rxd3 c4 46. Rd7+ Kc6 47. Rxa7 cxb3 48. axb3 Kc5 49. Ra1 Kb4 50. Rb1 Rc5 51. Kf1 Rc3 52. Re1 Kxb3 53. Re5 b4 54. Rxh5 Kc2 55. Re5 b3 56. Re2+ Kb1 57. Re4 b2 58. Rxg4 Kc2 59. Rb4 Rb3 60. Rc4+ Kd3 0-1

[Event "Brasiliense-ch"]
[Site "Brazil"]
[Date "1990.10.??"]
[Round "7"]
[White "Leal, Ruy Fernando"]
[Black "Francimar de Oliveira, Vicente"]
[Result "1/2-1/2"]
[WhiteElo "2046"]
[BlackElo "1962"]
[PlyCount "97"]
[EventDate "1990.10.??"]
[EventType "swiss"]
[EventRounds "9"]
[EventCountry "BRA"]
[SourceTitle "EXT 2003"]
[Source "ChessBase"]
[SourceDate "2002.11.25"]
[SourceVersion "1"]
[SourceVersionDate "2002.11.25"]
[SourceQuality "1"]

1. d4 d5 2. c4 e6 3. Nc3 c5 4. Nf3 Nc6 5. cxd5 exd5 6. dxc5 d4 7. Ne4 Bf5 8. Nd6+ Bxd6 9. cxd6 Qxd6 10. g3 Nf6 11. a3 0-0 12. Bg2 Be4 13. Bf4 Qd5 14. 0-0 Rfe8 15. Rc1 Rad8 16. b4 b6 17. Qa4 Ne7 18. Qxa7 d3 19. Rfd1 Nc6 20. Qxb6 Nd7 21. Qe3 Qb3 22. Nd2 Qxd1+ 23. Rxd1 dxe2 24. Qxe2 Bxg2 25. Qb5 Nd4 26. Qd3 Nc5 27. Qb1 Be4 28. Nxe4 Nxe4 29. Be3 Nc3 30. Qa1 Nde2+ 31. Kg2 Rxd1 32. Qb2 Rg1+ 33. Kf3 Re6 34. a4 h5 35. h4 Rf6+ 36. Bf4 Rd1 37. b5 Rd3+ 38. Kg2 Nxf4+ 39. gxf4 Rg6+ 40. Kh2 Ne4 41. Qe2 Rd4 42. a5 Nc3 43. Qxh5 Rd5 44. Qf3 Rxb5 45. Qxc3 Rb8 46. Qe5 Ra8 47. f3 Rga6 48. Kg3 Rxa5 49. Qe4 1/2-1/2